000 00717nam a2200253Ia 4500
001 dia_1714
003 CHAP
005 20230619123959.0
008 220117s1999 xx 000 0 und d
010 _a172259
040 _cCHAP
082 _a338.1972 M6
100 _aMora Blancas, Edgar E.
_9147469
245 _aDesarrollo Agroindustrial de México /
_c por Edgar E. Mora Blancas.
260 _aMéxico :
_b IICA, Sagar.,
_c1999
300 _a164 p.
503 _aD
650 _a1.Industrias Agrícolas
_9149938
650 _aMéxico
_xcondiciones económicas
901 _a338.1972 M6
902 _aM
905 _a0000001999 MX X 0000000000SPA00
942 _cLIBRO
_2ddc
999 _c172259
_d172259